Дело: "Речь графа В.А. Соллогуба, произнесенная на I кавказском вечере" в Петербурге 4 февраля 1861 года и вырезки из "Русского ...

Доступно только в Электронных читальных залах Найти на картеНа карте
RUSMARC
00003838nmc2a22002533x 450
001ae7aa6b6-0bcf-4029-a25e-2c55182d6d43
00520230904162318.0
100##$a20230406l18621863k l0rusy0189 ca
1010#$arus
102##$aRU
105##$ay###
1222#$ad
2001#$aДело: "Речь графа В.А. Соллогуба, произнесенная на I кавказском вечере" в Петербурге 4 февраля 1861 года и вырезки из "Русского инвалида" о II и III "Кавказских вечерах"
$j1862-1863 гг.
215##$a10 л.
$d25х29,5 см
251##$cДело
300##$aМихаил Петрович фон Кауфман (1821-1902 годы). Материалы, связанные со служебной деятельностью. По военно-инженерной службе на Кавказе
300##$aЛитография и печатное
371##$aДокумент не является опубликованным и широко распространяемым
461#0$100190e07281-0192-43e2-b84a-6d6cf747817c
$12001
$aФон Кауфманы и фон Кауфманы Туркестанские
$1251
$cФонд
$1852
$j954
462#0$1001ff04dd05-f76b-4284-9957-af4e9e6c0442
$12001
$aМатериалы к истории рода Kауфманов; личные и служебные документы К.П., М.П., П.М. Кауфмана
$1251
$cОпись
$1852
$j1
801#0$aRU
$bРГИА
$c20230406
$gRCR
801#1$aRU
$bГлавНИВЦ
$c20230406
$2rusmarc
801#2$aRU
$bПБ им. Б.Н. Ельцина
$c20230904
$gRCR
$2rusmarc
850##$aРГИА
852##$aРГИА
$eФедеральное казенное учреждение "Российский государственный исторический архив" (РГИА)
$j176
937##$hРГИА
$d12390570
$aASBIBLIO_SCAN
035##$aRusGRCC00059350
856##$uhttp://readingroom.main.prlib.ru/item.aspx?id_node=n187346460&mode=full
Формат отображения